The future of the international latitude service (Record no. 2171)

MARC details
000 -LEADER
fixed length control field 00569nam a2200181Ia 4500
003 - CONTROL NUMBER IDENTIFIER
control field IN-BaIIA
008 - FIXED-LENGTH DATA ELEMENTS--GENERAL INFORMATION
fixed length control field 211028s9999 xx 000 0 eng d
040 ## - CATALOGING SOURCE
Transcribing agency IIA Library
080 ## - UNIVERSAL DECIMAL CLASSIFICATION NUMBER
Universal Decimal Classification number 082.2:52
Item number IAU-S13
245 #4 - TITLE STATEMENT
Title The future of the international latitude service
Statement of responsibility, etc. edited by Paul Melchior
260 ## - PUBLICATION, DISTRIBUTION, ETC.
Name of publisher, distributor, etc. Observatoire Royal De Belgeique
Date of publication, distribution, etc. 1960
300 ## - PHYSICAL DESCRIPTION
Extent 97p.
490 ## - SERIES STATEMENT
Series statement IAU Symposium; no.13
650 ## - SUBJECT ADDED ENTRY--TOPICAL TERM
Topical term or geographic name entry element Astronomy and Astrophysics Thesaurus
650 ## - SUBJECT ADDED ENTRY--TOPICAL TERM
Topical term or geographic name entry element Geodesy
700 ## - ADDED ENTRY--PERSONAL NAME
Personal name Melchior, Paul, ed.,
9 (RLIN) 3948
942 ## - ADDED ENTRY ELEMENTS (KOHA)
Koha item type Books
Holdings
Withdrawn status Lost status Damaged status Not for loan Home library Current library Shelving location Date acquired Total Checkouts Full call number Barcode Date last seen Price effective from Koha item type Purchase Price
        IIA Library-Bangalore IIA Library-Bangalore General Stacks     082.2:52/ IAU-S13 2436 05/11/2021   Books Free

Powered by Koha